000 00254nam a22001097a 4500
008 160512b xxu||||| |||| 00| 0 eng d
020 _a9789989866937
041 _aeng
080 _a612.39
245 _aBujqesia dhe mjedisi:
_cErnst Lutz;
942 _2udc
_cBK
999 _c2117
_d2117